Statistics for Football Teams Aleksandr Hleb Played For

Click here to take the quiz!

General Stats

  • This quiz has been taken 7 times
  • The average score is 13 of 17

Answer Stats

LeagueYearsTeam% Correct
Spain2008-2009FC Barcelona
100%
Germany2000-2005VfB Stuttgart
100%
Germany2009-2010VfB Stuttgart
100%
England2005-2008Arsenal FC
83%
Belarus1999-2000BATE Borisov
83%
Belarus2018-2019BATE Borisov
83%
Belarus2016-2017BATE Borisov
83%
Belarus2015-2016BATE Borisov
83%
Belarus2012-2014BATE Borisov
83%
Germany2011VfL Wolfsburg
83%
England2010-2011Birmingham City
67%
Belarus2019-2020FC Isloch Minsk Raion
67%
Turkey2015Gençlerbirliği SK
50%
Turkey2016Gençlerbirliği SK
50%
Turkey2014-2015Konyaspor
50%
Russia2012PFC Krylia Sovetov Samara
50%
Russia2017PFC Krylia Sovetov Samara
50%

Score Distribution

Percentile by Number Answered

Percent of People with Each Score

Your Score History

You have not taken this quiz